PALABRAS COMO PECES /

Guardado en:
Detalles Bibliográficos
Autor principal: Remus Galván, José (autor)
Formato: Libro
Colección:POESIA/EL DESDICHADO
Temas:
Etiquetas: Agrega una etiqueta
Sin etiquetas, Sé el primero en etiquetar este registro!

MARC

LEADER 00000nam^a2200000^a^4500
001 000235501
005 20250521000000.0
009 20260310104808.817
020 |a 968-895-538-8 
035 |a 057253 
037 |a Acervo Xavier Clavigero 
082 |a 861. 4  |b REM 
100 |a Remus Galván, José  |e (autor) 
245 1 0 |a PALABRAS COMO PECES /  |c JOSE REMUS GALVAN 
264 |a Guadalajara, México :  |b U DE G,  |c 1994 
300 |a 54 p. 
336 |a texto  |b txt  |2 rdacontenido 
337 |a sin mediación  |b n  |2 rdamedio 
338 |a volumen  |b nc  |2 rdasoporte 
440 |a POESIA/EL DESDICHADO 
649 |a XX 
650 |a POESIA MEXICANA -  |x SIGLO XX 
650 |a Literatura Mexicana -  |y Siglo XX 
910 |a Fondo General 
920 |a Impresos - Libros 
930 |a Colección General 
940 |a Literatura 
905 |a 101 
901 |a 057253  |b IT1  |c LIT  |i 057253  |u 20250521 
902 |a https://opac.biblio.iteso.mx/vufind/Record/000235501